Selected papers of Wang Yuan

Αποθηκεύτηκε σε:
Λεπτομέρειες βιβλιογραφικής εγγραφής
Άλλοι συγγραφείς: Wang, Yuan 1930- (Επιμελητής έκδοσης)
Μορφή: Βιβλίο
Γλώσσα:English
Δημοσίευση: Hackensack, NJ : World Scientific, 2005.
Θέματα:
Ετικέτες: Προσθήκη ετικέτας
Δεν υπάρχουν, Καταχωρήστε ετικέτα πρώτοι!

MARC

LEADER 00000cam a2200000 i 4500
001 1/62191
008 071107s2005 nju ||| | eng||
020 |a 9812561978 
035 |l 10092146 
040 |a GR-MyUA  |b gre  |e AACR2 
041 0 |a eng 
082 0 |a 512.7   |2 (22) 
245 1 0 |a Selected papers of Wang Yuan /   |c Wang Yuan, editor.  
260 |a Hackensack, NJ :   |b World Scientific,   |c 2005.  
300 |a xxii, 486 σ. :   |b εικ. ;   |c 26 εκ.  
504 |a Περιλαμβάνει βιβλιογραφικές παραπομπές.  
650 0 0 |a Number theory. 
650 0 0 |a Numerical analysis. 
650 0 0 |a Mathematical analysis. 
700 1 |a Wang, Yuan  |d 1930-  |e edt 
852 |a INST  |b SAMOS  |e 20071107  |h 512.7 WAN  |p 005300027877  |q 005300027877  |t BK  |y 0 
901 |a BIBL3-2007-3 
909 |a Σ  |b 139192 
922 |a 3ΕΛΗ  |b 200709  |c ΕΠΕΑΕΚ2/ΤΜΗΜΑ ΜΑΘΗΜΑΤΙΚΩΝ  |d ΠΑΠΑΣΩΤΗΡΙΟΥ 
970 |a ΡΟΥΣΣΟΥ  |b ΚΩΝΣΤΑΝΤΙΝΑ  |z 2007/11/07